Champions League Winners in 21st Century - Sudden Death - Statistics

General Stats
  • This quiz has been taken 108 times
  • The average score is 8 of 13
Answers on the Grid
Answers color-coded by a green-red scale on the quiz's grid according to % correct below.
AC Milan
Ajax
Arsenal
AS Monaco
AS Rome
Aston Villa
Atalanta Bergamo
Atletico Madrid
Bayern Munich
Benfica Lisbon
Borussia Dortmund
Celtic
Chelsea
Eintracht Frankfurt
FC Barcelona
FC Porto
Inter Milan
Juventus
Liverpool
Manchester City
Manchester United
Marseille
Paris Saint-Germain
PSV
Real Madrid
Red Star Belgrade
Sevilla FC
Sporting Lisbon
Tottenham
Valencia CF
 
Answer Stats
Answer % Correct
Liverpool
87%
Manchester City
87%
Real Madrid
85%
Bayern Munich
82%
Manchester United
81%
Chelsea
79%
FC Barcelona
76%
Inter Milan
72%
AC Milan
69%
FC Porto
68%
AS Monaco
1%
Aston Villa
0%
Atalanta Bergamo
0%
No matching quizzes found
Score Distribution
Percent of People with Each Score
Percentile by Number Answered
Your Score History
You have not taken this quiz